[Event "Hessen-ch Seniors op 08th"]
[Site "Bad Sooden-Allendorf"]
[Date "2012.04.19"]
[Round "6"]
[White "Gelzinnus, Siegfried"]
[Black "Goepfart, Dietrich"]
[Result "1-0"]
[WhiteElo "1816"]
[BlackElo "1669"]
[PlyCount "89"]
[EventDate "2012.04.14"]
[EventType "swiss"]
[EventRounds "9"]
[EventCountry "GER"]
[SourceTitle "EXT 2019"]
[Source "ChessBase"]
[SourceDate "2018.10.10"]
[SourceVersion "1"]
[SourceVersionDate "2018.10.10"]
[SourceQuality "1"]

1. b4 e5 2. Bb2 d6 3. e3 a6 4. a4 Bd7 5. c4 Nc6 6. b5 Nce7 7. Nc3 Nf6 8. g3 c5 9. Bg2 Rb8 10. Nh3 h6 11. 0-0 Qc8 12. Nf4 exf4 13. gxf4 Bh3 14. Bxh3 Qxh3 15. f3 Qc8 16. Rf2 Ng6 17. Rg2 Be7 18. Ne4 Kf8 19. Kf2 Nxe4+ 20. fxe4 Bf6 21. Bxf6 gxf6 22. Rg4 f5 23. exf5 Qxf5 24. Qf3 Re8 25. Ra3 Ne5 26. fxe5 Qxf3+ 27. Kxf3 Rxe5 28. bxa6 bxa6 29. Rb3 h5 30. Rb8+ Ke7 31. Rxh8 hxg4+ 32. Kxg4 Re4+ 33. Kf5 Rxc4 34. h4 Rxa4 35. h5 Ra5 36. h6 c4+ 37. Kg4 f6 38. h7 Rg5+ 39. Kh4 Kf7 40. Re8 Kxe8 41. h8Q+ Kf7 42. Qh7+ Ke6 43. Qe4+ Kd7 44. Qxc4 a5 45. Qf7+ 1-0

[Event "Hessen-ch Seniors op 07th"]
[Site "Bad Sooden-Allendorf"]
[Date "2011.05.06"]
[Round "7"]
[White "Krause, Werner1111"]
[Black "Gelzinnus, Siegfried"]
[Result "0-1"]
[WhiteElo "1350"]
[BlackElo "1565"]
[PlyCount "128"]
[EventDate "2011.04.30"]
[EventType "swiss"]
[EventRounds "9"]
[EventCountry "GER"]
[SourceTitle "EXT 2012"]
[Source "ChessBase"]
[SourceDate "2011.11.24"]
[SourceVersion "1"]
[SourceVersionDate "2011.11.24"]
[SourceQuality "1"]

1. Nc3 d5 2. e4 d4 3. Nce2 Nc6 4. Nf3 Nf6 5. Ng3 g6 6. a3 Bg7 7. Bc4 Qd6 8. d3 h6 9. Qe2 e5 10. Bd2 Be6 11. Bxe6 Qxe6 12. b4 a6 13. 0-0 0-0 14. Rfb1 b5 15. Qe1 Rfd8 16. Qc1 Kh7 17. h3 Qd6 18. Nh2 Na7 19. a4 c5 20. bxc5 Qxc5 21. Bb4 Qb6 22. axb5 Nxb5 23. Ba5 Qc6 24. Bxd8 Rxd8 25. Rb4 Nc3 26. Rc4 Qe6 27. f3 Rb8 28. Kf2 Bf8 29. Ne2 Bb4 30. Ng4 Ng8 31. Nxc3 dxc3 32. Rb1 a5 33. Ke2 h5 34. Nf2 Qd6 35. Nd1 Nf6 36. Nxc3 Ra8 37. Na4 Nd7 38. Qe3 Rb8 39. Rb3 Rb5 40. c3 Nc5 41. Rb1 Nxa4 42. cxb4 axb4 43. Qd2 Nc3+ 44. Rxc3 bxc3 45. Qc2 Rxb1 46. Qxb1 Qa3 47. Qc2 Kg7 48. g3 Kf6 49. f4 exf4 50. gxf4 g5 51. e5+ Ke6 52. d4 gxf4 53. Kd3 Qb2 54. Qxc3 Qxc3+ 55. Kxc3 Kd5 56. Kd3 f3 57. Ke3 f2 58. Kxf2 Kxd4 59. Kg3 Kxe5 60. Kh4 f5 61. Kxh5 f4 62. Kg4 Ke4 63. h4 f3 64. Kg3 Ke3 0-1

[Event "Hessen-ch Seniors op 07th"]
[Site "Bad Sooden-Allendorf"]
[Date "2011.05.04"]
[Round "5"]
[White "Neumann, Horst"]
[Black "Gelzinnus, Siegfried"]
[Result "1-0"]
[WhiteElo "1784"]
[BlackElo "1565"]
[PlyCount "63"]
[EventDate "2011.04.30"]
[EventType "swiss"]
[EventRounds "9"]
[EventCountry "GER"]
[SourceTitle "EXT 2012"]
[Source "ChessBase"]
[SourceDate "2011.11.24"]
[SourceVersion "1"]
[SourceVersionDate "2011.11.24"]
[SourceQuality "1"]

1. e4 c6 2. d4 d5 3. Nc3 dxe4 4. Nxe4 Nd7 5. Bd3 Ndf6 6. Ne2 Nxe4 7. Bxe4 Bg4 8. f3 Bh5 9. Nf4 Bg6 10. c3 Nf6 11. Qc2 e6 12. Be3 Bd6 13. 0-0-0 Qa5 14. Kb1 Nxe4 15. fxe4 0-0-0 16. Nxg6 hxg6 17. e5 Be7 18. Rhf1 Rhf8 19. Rf3 Rd7 20. Rdf1 Bd8 21. Rh3 Rg8 22. Rff3 f6 23. Qxg6 c5 24. exf6 cxd4 25. Bc1 dxc3 26. Rxc3+ Kb8 27. f7 Rf8 28. Qxe6 Rfxf7 29. Rhd3 Rfe7 30. Bf4+ Bc7 31. Qg8+ Rd8 32. Qxd8# 1-0

[Event "GER-ch Seniors 22nd"]
[Site "Berlin"]
[Date "2010.08.23"]
[Round "8"]
[White "Gelzinnus, Siegfried"]
[Black "Kolkwitz, Klaus"]
[Result "1-0"]
[WhiteElo "1557"]
[BlackElo "1742"]
[PlyCount "63"]
[EventDate "2010.08.16"]
[EventType "swiss"]
[EventRounds "9"]
[EventCountry "GER"]
[SourceTitle "CBM 138 Extra"]
[Source "ChessBase"]
[SourceDate "2010.10.29"]
[SourceVersion "1"]
[SourceVersionDate "2010.10.29"]
[SourceQuality "1"]

1. Nf3 d6 2. e4 Nf6 3. d3 g6 4. g3 Bg4 5. Bg2 Nc6 6. b3 e5 7. Qd2 Be7 8. Bb2 a6 9. c4 b5 10. Nc3 Nd4 11. Nxd4 exd4 12. Nd5 Nxd5 13. cxd5 Bf6 14. h3 Bd7 15. f4 a5 16. Qf2 Rc8 17. Bxd4 c5 18. dxc6 Bxc6 19. Qb2 Bxd4 20. Qxd4 0-0 21. 0-0 Qe7 22. Rae1 Rfd8 23. f5 Qe5 24. Qf2 Qf6 25. fxg6 Qxf2+ 26. Rxf2 fxg6 27. Ref1 Rf8 28. Rxf8+ Rxf8 29. Rxf8+ Kxf8 30. Kf2 Kf7 31. Ke3 Kf6 32. e5+ 1-0

[Event "GER-ch Seniors 22nd"]
[Site "Berlin"]
[Date "2010.08.19"]
[Round "4"]
[White "Gelzinnus, Siegfried"]
[Black "Wolter, Guenter"]
[Result "0-1"]
[WhiteElo "1557"]
[BlackElo "1725"]
[PlyCount "60"]
[EventDate "2010.08.16"]
[EventType "swiss"]
[EventRounds "9"]
[EventCountry "GER"]
[SourceTitle "CBM 138 Extra"]
[Source "ChessBase"]
[SourceDate "2010.10.29"]
[SourceVersion "1"]
[SourceVersionDate "2010.10.29"]
[SourceQuality "1"]

1. Nf3 Nf6 2. g3 b6 3. Bg2 Bb7 4. d4 e6 5. c4 c5 6. Nc3 cxd4 7. Qxd4 Nc6 8. Qd2 a6 9. Nd4 Qc7 10. Nxc6 Bxc6 11. Bxc6 Qxc6 12. 0-0 Qxc4 13. b3 Qc6 14. Bb2 Bb4 15. Qd4 Qc5 16. Ne4 Qxd4 17. Nxf6+ Qxf6 18. Bxf6 gxf6 19. Rac1 Ke7 20. Rc4 a5 21. Rfc1 Rhb8 22. Rd1 Rc8 23. Rh4 Rh8 24. Rhd4 d6 25. Kg2 Rac8 26. Kf3 Rc2 27. Rg4 f5 28. Rf4 Rxa2 29. Rc1 Kd7 30. g4 Bd2 0-1

[Event "GER-ch Seniors 22nd"]
[Site "Berlin"]
[Date "2010.08.17"]
[Round "2"]
[White "Piastowski, Kurt"]
[Black "Gelzinnus, Siegfried"]
[Result "1-0"]
[WhiteElo "1769"]
[BlackElo "1557"]
[PlyCount "52"]
[EventDate "2010.08.16"]
[EventType "swiss"]
[EventRounds "9"]
[EventCountry "GER"]
[SourceTitle "CBM 138 Extra"]
[Source "ChessBase"]
[SourceDate "2010.10.29"]
[SourceVersion "1"]
[SourceVersionDate "2010.10.29"]
[SourceQuality "1"]

1. d4 f5 2. g3 Nf6 3. Bg2 g6 4. c4 Bg7 5. Nc3 0-0 6. Bf4 d6 7. Nf3 Qe8 8. 0-0 Nbd7 9. Nb5 Qd8 10. Ng5 Nb8 11. Qb3 e6 12. c5 Re8 13. cxd6 c6 14. Nc7 Nd5 15. Nxe8 Qxe8 16. Be5 Nd7 17. Bxg7 Kxg7 18. e4 fxe4 19. Nxe4 N7f6 20. Rfe1 Qd8 21. Nxf6 Kxf6 22. Bxd5 cxd5 23. Qf3+ Kg7 24. Qf4 a5 25. Rac1 Bd7 26. Rc7 Kg8 1-0

[Event "GER-ch Seniors 21st"]
[Site "Dresden"]
[Date "2009.08.03"]
[Round "1"]
[White "Schueler, Wolfgang"]
[Black "Gelzinnus, Siegfried"]
[Result "1-0"]
[WhiteElo "1998"]
[BlackElo "1820"]
[PlyCount "53"]
[EventDate "2009.08.03"]
[EventType "swiss"]
[EventRounds "9"]
[EventCountry "GER"]
[SourceTitle "CBM 131 Extra"]
[Source "ChessBase"]
[SourceDate "2009.09.03"]
[SourceVersion "2"]
[SourceVersionDate "2009.09.16"]
[SourceQuality "1"]

1. e4 c6 2. Nf3 d5 3. exd5 cxd5 4. Ne5 a6 5. d4 Nf6 6. Bd3 e6 7. 0-0 Be7 8. c3 0-0 9. Nd2 Qc7 10. f4 Bd7 11. Qe2 Nc6 12. Ndf3 Kh8 13. Ng5 Be8 14. Bd2 h6 15. Ngf3 Bd6 16. Rae1 Ne7 17. g4 g6 18. Qg2 Kg7 19. f5 Bd7 20. Nxd7 Qxd7 21. Ne5 Qc8 22. h4 Kh7 23. g5 Bxe5 24. dxe5 Nfg8 25. f6 Nf5 26. Bxf5 gxf5 27. gxh6 1-0

[Event "Hessen-ch Seniors op 05th"]
[Site "Bad Sooden-Allendorf"]
[Date "2009.05.03"]
[Round "9"]
[White "Gelzinnus, Siegfried"]
[Black "Schroeder, Christian"]
[Result "0-1"]
[WhiteElo "1556"]
[BlackElo "1848"]
[PlyCount "84"]
[EventDate "2009.04.25"]
[EventType "swiss"]
[EventRounds "9"]
[EventCountry "GER"]
[SourceTitle "EXT 2022"]
[Source "ChessBase"]
[SourceDate "2021.10.06"]
[SourceVersion "1"]
[SourceVersionDate "2021.10.06"]
[SourceQuality "1"]

1. c4 e5 2. Nc3 d6 3. g3 f5 4. d3 Nf6 5. Bg2 c6 6. f4 Be7 7. Nf3 Nbd7 8. 0-0 Ng4 9. e3 0-0 10. h3 Ngf6 11. Kh2 Kh8 12. Ng5 Nc5 13. e4 h6 14. fxe5 dxe5 15. Nf3 Nxd3 16. Nh4 Kh7 17. exf5 Ng8 18. Be4 Bxh4 19. Bxd3 Bg5 20. f6+ Kh8 21. Bxg5 gxf6 22. Bxh6 Nxh6 23. Nd5 cxd5 24. Qh5 e4 25. Qxh6+ Kg8 26. Qg6+ Kh8 27. Rf4 f5 28. Qh6+ Kg8 29. Rh4 Kf7 30. Qh7+ Ke8 31. Be2 Qf6 32. Qc7 Be6 33. Bh5+ Bf7 34. Bxf7+ Rxf7 35. Qxf7+ Kxf7 36. Kh1 Qxb2 37. Re1 Kg6 38. Rf4 Rh8 39. h4 Qe5 40. cxd5 Qxd5 41. g4 Rxh4+ 42. Kg1 Rxg4+ 0-1

[Event "Hessen-ch Seniors op 05th"]
[Site "Bad Sooden-Allendorf"]
[Date "2009.05.01"]
[Round "7"]
[White "Gelzinnus, Siegfried"]
[Black "Bendisch, Juergen"]
[Result "1-0"]
[WhiteElo "1556"]
[BlackElo "1762"]
[PlyCount "131"]
[EventDate "2009.04.25"]
[EventType "swiss"]
[EventRounds "9"]
[EventCountry "GER"]
[SourceTitle "EXT 2022"]
[Source "ChessBase"]
[SourceDate "2021.10.06"]
[SourceVersion "1"]
[SourceVersionDate "2021.10.06"]
[SourceQuality "1"]

1. c4 c5 2. Nc3 Nc6 3. g3 g6 4. Bg2 Bg7 5. e3 e6 6. Nge2 Nge7 7. 0-0 0-0 8. a3 a6 9. Rb1 Rb8 10. b4 cxb4 11. axb4 Ne5 12. Qb3 Qc7 13. c5 b6 14. d4 N5c6 15. Qa2 bxc5 16. bxc5 d6 17. Rxb8 Qxb8 18. cxd6 Qxd6 19. Ba3 Nb4 20. Rb1 Nxa2 21. Bxd6 Nxc3 22. Nxc3 Re8 23. Rb8 Nf5 24. Bc5 Bd7 25. Rb7 Bc8 26. Ra7 Bf8 27. Bb6 Bb4 28. Ne4 Kg7 29. g4 Nd6 30. Nc5 Nc4 31. Na4 Re7 32. Ra8 Bb7 33. Bxb7 Rxb7 34. Rxa6 Be7 35. Bc5 Rc7 36. Bxe7 Rxe7 37. Nc5 Kf8 38. Rc6 Nd2 39. Rc8+ Re8 40. Rxe8+ Kxe8 41. Kg2 Nc4 42. Kf3 Ke7 43. h3 Nb6 44. Ke2 g5 45. Kd3 Nd5 46. Kc4 h6 47. Nd3 f6 48. e4 Nc7 49. Kc5 Ne8 50. Kc6 Nd6 51. Nc5 f5 52. exf5 exf5 53. d5 fxg4 54. hxg4 Nf7 55. Ne4 Ne5+ 56. Kc7 Nd7 57. d6+ Ke6 58. Kd8 Nf8 59. Ke8 Nd7 60. f3 Nb6 61. Kf8 Nd7+ 62. Kg7 Ne5 63. Kxh6 Nxf3 64. Nxg5+ Nxg5 65. Kxg5 Kxd6 66. Kf6 1-0

[Event "Hessen-ch Seniors op 05th"]
[Site "Bad Sooden-Allendorf"]
[Date "2009.04.30"]
[Round "6"]
[White "Schlemminger, Degenhard"]
[Black "Gelzinnus, Siegfried"]
[Result "0-1"]
[WhiteElo "1648"]
[BlackElo "1556"]
[PlyCount "120"]
[EventDate "2009.04.25"]
[EventType "swiss"]
[EventRounds "9"]
[EventCountry "GER"]
[SourceTitle "EXT 2022"]
[Source "ChessBase"]
[SourceDate "2021.10.06"]
[SourceVersion "1"]
[SourceVersionDate "2021.10.06"]
[SourceQuality "1"]

1. e4 c6 2. Nc3 d5 3. exd5 cxd5 4. d4 Nf6 5. Bb5+ Nc6 6. Nf3 a6 7. Be2 Bg4 8. h3 Bh5 9. 0-0 e6 10. Ne5 Bxe2 11. Nxe2 Bd6 12. Bf4 0-0 13. c3 Qc7 14. Nd3 Rac8 15. Bxd6 Qxd6 16. a3 Na5 17. Nc5 Qc6 18. Rb1 Nd7 19. b4 Nc4 20. a4 Nxc5 21. bxc5 b6 22. cxb6 Nxb6 23. Rb4 Nc4 24. Qa1 Rfe8 25. Rfb1 g6 26. Qa2 Qd6 27. Rd1 Rb8 28. Rdb1 Rxb4 29. cxb4 Rb8 30. b5 Qa3 31. Qxa3 Nxa3 32. Rb3 Nc4 33. Nc3 Kf8 34. a5 Nxa5 35. Ra3 Nc4 36. Rxa6 Rb7 37. Kf1 Ke7 38. Ke2 Kd7 39. Kd3 Kc7 40. Rc6+ Kd7 41. Rc5 Rb6 42. Kc2 Nd6 43. Kb2 Nb7 44. Na4 Rd6 45. Rc2 Na5 46. Nc5+ Ke7 47. Kc3 Rb6 48. Kb4 Nc6+ 49. Ka4 Nxd4 50. Rb2 Kd6 51. Nd3 e5 52. Ka5 Rb8 53. b6 Ne6 54. Kb5 Nd4+ 55. Ka6 e4 56. Ka7 Nc6+ 57. Ka6 exd3 58. Rd2 d4 59. Kb5 Ne5 60. Ka6 Nd7 0-1

[Event "GER-ch Seniors-B 20th"]
[Site "Erfurt"]
[Date "2008.08.05"]
[Round "1"]
[White "Brandt, Joachim"]
[Black "Gelzinnus, Siegfried"]
[Result "1-0"]
[WhiteElo "1706"]
[BlackElo "1486"]
[PlyCount "73"]
[EventDate "2008.08.05"]
[EventType "swiss"]
[EventRounds "9"]
[EventCountry "GER"]
[SourceTitle "CBM 126 Extra"]
[Source "ChessBase"]
[SourceDate "2008.11.05"]
[SourceVersion "1"]
[SourceVersionDate "2008.11.05"]
[SourceQuality "1"]

1. e4 c6 2. Nf3 d5 3. Nc3 Bg4 4. d4 e6 5. Be3 Bb4 6. e5 Nd7 7. h3 Bh5 8. g4 Bg6 9. Bd3 Ne7 10. Kf1 h5 11. Bxg6 Nxg6 12. gxh5 Rxh5 13. Ne2 Rh8 14. Ng3 Be7 15. Nd2 Bg5 16. Qe2 Nf4 17. Qf3 Ng6 18. Nh5 Rh7 19. Rg1 Bxe3 20. fxe3 Qh4 21. Nf4 Nxf4 22. exf4 Qxh3+ 23. Qxh3 Rxh3 24. Kg2 Rh6 25. Rh1 Rg6+ 26. Kf2 Ke7 27. Rh7 f6 28. Rah1 Rg8 29. Rh8 Kf7 30. f5 exf5 31. e6+ Kxe6 32. Rxg8 Kf7 33. Rd8 Ke7 34. Ra8 Rg4 35. c3 Rf4+ 36. Ke3 g5 37. Rh7+ 1-0

[Event "GER-ch Seniors Gp-B 18th"]
[Site "Dresden"]
[Date "2006.07.26"]
[Round "5"]
[White "Till, Heinz"]
[Black "Gelzinnus, Siegfried"]
[Result "0-1"]
[WhiteElo "1276"]
[BlackElo "1494"]
[PlyCount "44"]
[EventDate "2006.07.22"]
[EventType "swiss"]
[EventRounds "9"]
[EventCountry "GER"]
[SourceTitle "EXT 2022"]
[Source "ChessBase"]
[SourceDate "2021.10.06"]
[SourceVersion "1"]
[SourceVersionDate "2021.10.06"]
[SourceQuality "1"]

1. e4 e5 2. Nf3 d5 3. exd5 Bd6 4. h3 Nf6 5. c4 0-0 6. Be2 e4 7. Nd4 Be5 8. Nc2 c6 9. dxc6 Nxc6 10. Ne3 Qb6 11. Nc3 Be6 12. Na4 Qa5 13. 0-0 Nd4 14. Nc3 Rfd8 15. f4 exf3 16. Bxf3 Nxf3+ 17. Qxf3 Qb6 18. Kh1 Bxc3 19. dxc3 Rd3 20. Qe2 Rad8 21. Rd1 Ne4 22. Qf3 Rxd1+ 0-1

[Event "GER-ch Seniors Gp-B 18th"]
[Site "Dresden"]
[Date "2006.07.23"]
[Round "2"]
[White "Gelzinnus, Siegfried"]
[Black "Seifert, Klaus"]
[Result "0-1"]
[WhiteElo "1494"]
[BlackElo "1737"]
[PlyCount "96"]
[EventDate "2006.07.22"]
[EventType "swiss"]
[EventRounds "9"]
[EventCountry "GER"]
[SourceTitle "EXT 2022"]
[Source "ChessBase"]
[SourceDate "2021.10.06"]
[SourceVersion "1"]
[SourceVersionDate "2021.10.06"]
[SourceQuality "1"]

1. d4 Nf6 2. Bf4 g6 3. h3 Bg7 4. Nf3 0-0 5. c4 c5 6. Nc3 cxd4 7. Nxd4 d6 8. Bh2 Nbd7 9. e3 Nc5 10. Be2 Nfe4 11. Rc1 Nxc3 12. Rxc3 Ne4 13. Ra3 Qb6 14. f3 Qb4+ 15. Kf1 Nd2+ 16. Kf2 Be6 17. Rd3 Nxc4 18. Rb3 Qc5 19. Rb5 Qc8 20. Nxe6 Qxe6 21. Qb3 Nb6 22. Qxe6 fxe6 23. Rb1 Rac8 24. Bd3 Rc6 25. Ke2 Rfc8 26. a4 Rc5 27. Rxc5 Rxc5 28. b3 Rc3 29. a5 Nd5 30. b4 Ra3 31. Kd2 Ra2+ 32. Bc2 Nxe3 33. Kxe3 Rxc2 34. Bg1 Rb2 35. Rxb2 Bxb2 36. Kd3 a6 37. Kc4 Kf7 38. b5 d5+ 39. Kc5 axb5 40. Kb6 Bc3 41. Kxb5 d4 42. Kc4 e5 43. Bh2 Kf6 44. f4 exf4 45. Bxf4 e5 46. Bh2 Bxa5 47. Kd5 Bc7 48. g4 d3 0-1

[Event "GER-ch Seniors-B 17th"]
[Site "Essen"]
[Date "2005.08.20"]
[Round "1"]
[White "Gelzinnus, Siegfried"]
[Black "Holz auf der Heide, Gerhard"]
[Result "1/2-1/2"]
[WhiteElo "1576"]
[BlackElo "2011"]
[PlyCount "84"]
[EventDate "2005.08.20"]
[EventType "swiss"]
[EventRounds "9"]
[EventCountry "GER"]
[SourceTitle "CBM 108 Extra"]
[Source "ChessBase"]
[SourceDate "2005.11.04"]
[SourceVersion "1"]
[SourceVersionDate "2005.11.04"]
[SourceQuality "1"]

1. c3 c5 2. d4 e6 3. Bf4 d5 4. Nd2 cxd4 5. cxd4 Nc6 6. Ngf3 Nf6 7. e3 Bd6 8. Bg3 0-0 9. a3 a6 10. Bd3 Bxg3 11. hxg3 h6 12. Rc1 Bd7 13. Ke2 Qe7 14. Ne5 Nxe5 15. dxe5 Ng4 16. f4 f5 17. Nf3 Rfc8 18. Qb3 b5 19. Rc2 Rxc2+ 20. Bxc2 Rc8 21. Rd1 Qc5 22. Nd4 Qb6 23. Bxf5 h5 24. Bc2 Be8 25. Rd3 Rc4 26. Bb1 Bg6 27. f5 exf5 28. Qd1 Nxe5 29. Rc3 Qf6 30. Nf3 Nxf3 31. Qxd5+ Kh7 32. Qxf3 Rxc3 33. bxc3 Qxc3 34. Bxf5 Qb2+ 35. Kf1 Bxf5 36. Qxf5+ g6 37. Qd7+ Kh6 38. Qd6 Qb1+ 39. Ke2 Qc2+ 40. Kf3 a5 41. Qf8+ Kh7 42. Qf7+ Kh8 1/2-1/2

[Event "Bayern-ch Seniors 17th"]
[Site "Schloss Schney"]
[Date "2005.06.11"]
[Round "2"]
[White "Lueders, Guenter"]
[Black "Gelzinnus, Siegfried"]
[Result "0-1"]
[WhiteElo "1667"]
[BlackElo "1576"]
[PlyCount "82"]
[EventDate "2005.06.10"]
[EventType "swiss"]
[EventRounds "9"]
[EventCountry "GER"]
[SourceTitle "EXT 2006"]
[Source "ChessBase"]
[SourceDate "2005.11.24"]
[SourceVersion "1"]
[SourceVersionDate "2005.11.24"]
[SourceQuality "1"]

1. d4 Nf6 2. Nf3 e6 3. Bf4 b6 4. h3 Bb7 5. e3 h6 6. Be2 c5 7. c3 Nc6 8. Nbd2 d5 9. 0-0 Bd6 10. Bxd6 Qxd6 11. a3 a5 12. Rc1 0-0 13. Qc2 cxd4 14. cxd4 Rac8 15. Qb1 Ne7 16. Ne5 Nd7 17. Ndf3 Nc6 18. Nxd7 Qxd7 19. Bb5 Qd6 20. Rfd1 Na7 21. Be2 b5 22. Ne5 b4 23. axb4 axb4 24. Rxc8 Rxc8 25. Bh5 Rf8 26. Nd3 Nc6 27. Nc5 Ba8 28. Rc1 Rb8 29. Qa1 Qd8 30. Qa6 Rb6 31. Qd3 Ne7 32. Ra1 Bc6 33. Qc2 Bb5 34. Be2 b3 35. Qd1 Bc4 36. Bxc4 dxc4 37. Ra4 c3 38. bxc3 b2 39. Rb4 Nd5 40. Rxb6 Qxb6 41. Nb3 Nxc3 0-1

[Event "Kaiserbrunnen op 1st"]
[Site "Brakel"]
[Date "2003.10.31"]
[Round "6"]
[White "Aigner, Georg"]
[Black "Gelzinnus, Siegfried"]
[Result "1-0"]
[WhiteElo "2112"]
[BlackElo "1520"]
[PlyCount "59"]
[EventDate "2003.07.??"]
[EventType "swiss"]
[EventRounds "9"]
[EventCountry "GER"]
[SourceTitle "EXT 2006"]
[Source "ChessBase"]
[SourceDate "2005.11.24"]
[SourceVersion "1"]
[SourceVersionDate "2005.11.24"]
[SourceQuality "1"]

1. e4 c6 2. d4 d5 3. Nc3 dxe4 4. Nxe4 Nd7 5. Bc4 Ngf6 6. Ng5 e6 7. Ne2 h6 8. Nf3 Bd6 9. Ng3 b5 10. Bd3 Bb7 11. Qe2 a6 12. Nf5 Bf8 13. 0-0 g6 14. Ng3 Nd5 15. Re1 Qc7 16. Bxg6 fxg6 17. Qxe6+ Ne7 18. Bd2 c5 19. d5 Qb6 20. d6 Rh7 21. Qxg6+ Rf7 22. Nh4 Nf6 23. Re6 Qc6 24. Rae1 Rd8 25. Rxf6 Qd5 26. Ba5 Rd7 27. Ngf5 Bg7 28. Nxg7+ Kf8 29. Ne6+ Ke8 30. Qxf7# 1-0

[Event "Kaiserbrunnen op 1st"]
[Site "Brakel"]
[Date "2003.10.31"]
[Round "5"]
[White "Oser, Thor"]
[Black "Gelzinnus, Siegfried"]
[Result "1-0"]
[WhiteElo "1944"]
[BlackElo "1520"]
[PlyCount "123"]
[EventDate "2003.07.??"]
[EventType "swiss"]
[EventRounds "9"]
[EventCountry "GER"]
[SourceTitle "EXT 2006"]
[Source "ChessBase"]
[SourceDate "2005.11.24"]
[SourceVersion "1"]
[SourceVersionDate "2005.11.24"]
[SourceQuality "1"]

1. d4 f5 2. e3 d6 3. Bd3 g6 4. e4 e6 5. Be3 Bg7 6. c3 b6 7. Nd2 Bb7 8. Ngf3 h6 9. g3 Ne7 10. Qb3 Qd7 11. d5 exd5 12. exf5 Nxf5 13. Nd4 Ne7 14. Qc2 Na6 15. Bxg6+ Nxg6 16. Qxg6+ Qf7 17. Qxf7+ Kxf7 18. Rg1 Nc5 19. 0-0-0 Ne4 20. N2b3 a6 21. Nf5 Rh7 22. f3 Nf6 23. g4 Bf8 24. h4 Bc8 25. Ng3 Bb7 26. g5 Re8 27. Nf5 hxg5 28. hxg5 Kg6 29. gxf6+ Kxf5 30. Bg5 Bh6 31. f4 Bxg5 32. fxg5 Rg8 33. Nd4+ Kg6 34. Ne6 Re8 35. Rde1 Bc6 36. Nf4+ Kf5 37. Rxe8 Bxe8 38. g6 Bxg6 39. Nxg6 Kxf6 40. Nf4 Ke5 41. Ne2 c5 42. Kd2 Rf7 43. Ke3 d4+ 44. cxd4+ cxd4+ 45. Nxd4 Kd5 46. Rg2 Re7+ 47. Kd3 Re4 48. Rg5+ Re5 49. Rxe5+ dxe5 50. Nc2 a5 51. a4 e4+ 52. Kc3 b5 53. axb5 e3 54. Kd3 a4 55. Na3 e2 56. Kxe2 Kc5 57. Kd3 Kb4 58. b6 Kb3 59. Nc4 a3 60. bxa3 Ka2 61. b7 Kb3 62. b8Q+ 1-0